000
00278nam a22001217a 4500
008
171031b xxu||||| |||| 00| 0 eng d
041
_a
eng
080
_a
33
100
_a
58
101
_a
BUS
245
_a
U.S.COMPETITIVENESS IN THE WORLD ECONOMY
_c
SCOTT,B.R
942
_2
udc
_c
BK
999
_c
36680
_d
36680